00517 a2200133 450000500170000002000180001708200200003511100090005524500840006425000130014826000490016130000560021085601170026620250602094634.0 a0-7517-2145-X aLECT 657.48 CIM aCIMA aManagerial paper P7: Financial Accounting and tax principles: for exams in 2005 a1st Ed.  aLondon,bBPP professional education, c2005. axxii, 187p.: ill.; figure, picture, table. c30cm.  yAccess online bookfManagerial paper P7: Financial Accounting and tax principles: for exams in 2005dwww.bpp.com